| 000 | 00766cam a2200289 4500 | ||
|---|---|---|---|
| 008 | 090401t1994 xxu||||| |||| 00| 0 eng d | ||
| 020 | _a064617018X | ||
| 035 | _a(Sirsi) u76822 | ||
| 041 | _aeng | ||
| 050 | _a346.94032 | ||
| 100 | _aJoyce, Lindsay | ||
| 245 | _aValuers liability | ||
| 260 |
_aDeakin, Australia _bAIVLE _c1994 |
||
| 300 | _alviii, 484p.; 24cm. | ||
| 350 | _a29.95 | ||
| 650 | _aAUSTRALIA | ||
| 650 | _aEXPERT WITNESSES | ||
| 650 | _aPROFESSIONAL INDEMNITY INSURANCE | ||
| 650 | _aPROFESSIONAL LIABILITY | ||
| 650 |
_aValuation _96273 |
||
| 650 | _aVALUERS | ||
| 690 | _aMANAGEMENT-BUSINESS MANAGEMENT-PROFESSIONAL PRACTICE | ||
| 690 | _aRATING AND VALUATION | ||
| 700 | _aNorris, Keith | ||
| 942 | _n0 | ||
| 948 | _c04/03/1997 | ||
| 999 |
_c96253 _d96253 |
||